Imidž poisťovne a postoje občanov a podnikateľských subjektov k poistnej ochrane záverečné hodnotenie internej grantovej úlohy 300013/03 : doba riešenia 01/2003 - 12/2003
Gespeichert in:
| 1. Verfasser: | |
|---|---|
| Weitere Verfasser: | , , , , , , |
| Format: | Buch |
| Sprache: | Slowakisch |
| Veröffentlicht: |
Košice
2003
|
| Schlagworte: | |
| Tags: |
Keine Tags, Fügen Sie das erste Tag hinzu!
|
MARC
| LEADER | 00000nam a2200000 4500 | ||
|---|---|---|---|
| 001 | 0162351 | ||
| 005 | 20240702111457.4 | ||
| 041 | 0 | |a slo | |
| 044 | |a SK | ||
| 245 | 1 | 0 | |a Imidž poisťovne a postoje občanov a podnikateľských subjektov k poistnej ochrane |b záverečné hodnotenie internej grantovej úlohy 300013/03 : doba riešenia 01/2003 - 12/2003 |c vedúca projektu Eva Kafková |
| 264 | 1 | |a Košice |c 2003 | |
| 300 | |a [19 s.] | ||
| 610 | 2 | 0 | |a poisťovne |
| 610 | 2 | 0 | |a imidž |
| 610 | 2 | 0 | |a ochrana poistná |
| 100 | 1 | |a Kafková, Eva | |
| 700 | 1 | |a Lieskovská, Vanda, 1961- | |
| 700 | 1 | |a Bosáková, Zuzana | |
| 700 | 1 | |a Hrabovská, Viera | |
| 700 | 1 | |a Thíry, Róbert | |
| 700 | 1 | |a Krajňáková, Júlia | |
| 700 | 1 | |a Palgutová, Andrea | |
| 700 | 1 | |a Bosák, Peter | |